1244 1363 1185 1699 1210 1869 1696 1530 1279 1624 1093 1835 1190 1845 1869 1315 1194 1170 1679 1236 1238 1162 1287 1323 1797 1535 1732 1503 1845 1413 1076 1826 1406 1651 1866 1973 1993 1038 1827 1847 1308 1515 1753 1962 1366 1310 1102 1714 1132 1593 1252 1101 1700 1525 1501 1150 1753 1849 1684 1102 1184 1493 1549 1795 1571 1679 1953 1067 1921 1179 1964 1231 1996 1222 1890 1728 1737 1361 1427 1967 1543 1821 1426 1147 1480 1769 1657 1160 1079 1330 1706 1043 1279 1728 1560 1705 1339 1598 1413 BCNSPRNW ULIB Ver.6.0+V

เปลี่ยนเป็นภาษาไทย

Change to English
 แสดงรายละเอียดบรรณานุกรม
  กลับหน้าหลัก

Brief Record : Get Marc (ISO 2709) : E-mail record : QR code < ปิดหน้าต่าง
LEADER : 00000nam 2200000uu 4500
001    13399110352
003     ULIB
008    110429s2544||||th 000 0 tha d
020    9745855227
060 04 WM420^bส265จ 2544
100 0  สมพร บุษราทิจ
245 10 จิตบำบัดแบบอิงทฤษฎีจิตวิเคราะห์ /^cสมพร บุษราทิจ, ศุภโชคสิงหกันต์, สนทรรศ บุษราทิจ
250    พิมพ์ครั้งที่ 2
260    กรุงเทพฯ :^bโรงพิมพ์เรือนแก้วการพิมพ์,^c2544
300    167 หน้า ;^c19 ซม.
504    บรรณานุกรมและดรรชนี
650  7 จิตบำบัด
653    ผลงานอาจารย์คณะแพทยศาสตร์ศิริราชพยาบาล
700 0  ศุภโชค สิงหกันต์
700 0  สนทรรศ บุษราทิจ
945    ^p100^l0^i018811
995    ทศพร
999 ^a ใช้งานได้ทุกระบบ
รายการนี้ยังไม่มีแท็ก
คุณยังไม่ได้ล็อกอิน คุณสามารถมีกิจกรรมร่วมกับเว็บไซต์ได้ แต่ต้องล็อกอินก่อน ::
  ล็อกอิน

รายการสื่อสารสนเทศ

ลำดับที่ ประเภท เลขเรียก/บาร์โค้ด สถานที่ สถานะ
- ไม่พบข้อมูล -

รายการใกล้เคียง
    หัวเรื่อง [จิตบำบัด]

BibComment


ยังไม่เคยถูกคอมเมนท์

คอมเมนท์ทรัพยากรรายการนี้
  คอมเมนท์: จิตบำบัดแบบอิงทฤษ..


 Copyright 2026. Bcnsprnw @Library